000 00567 a2200193 4500
999 _c32051
_d32051
003 OSt
005 20260115120205.0
008 260115b ||||| |||| 00| 0 eng d
020 _a978-93-6660-216-5
040 _c.
082 _a658.7
_bC6992
100 _96485
_aCollier, David A.
245 _aOperations and Supply Chain Management /
_cby David A. Collier and James R. Evans
260 _bCengage Learning India Pvt Ltd,
_aDelhi :
_c2015.
300 _a776 p.
650 0 _96484
_aSupply Chain Management
700 _92286
_aEvans, James R.
942 _2ddc
_cBK